Wszyscy zwycięzcy FIFA Puskas Award - Statystyki

Ogólne statystyki
  • Ten quiz został rozwiązany 64 razy
  • Średni wynik to 4 z 15
Statystyki odpowiedzi
Rok Piłkarz % Poprawnych
2009 Cristiano Ronaldo
78%
2018 Mohamed Salah
48%
2011 Neymar
44%
2022 Marcin Oleksy
40%
2017 Olivier Giroud
38%
2020 Heung-Min Son
34%
2013 Zlatan Ibrahimović
32%
2014 James Rodriguez
26%
2021 Erik Lamela
16%
2012 Miroslav Stoch
16%
2019 Daniel Zsori
6%
2023 Guilherme Madruga
6%
2016 Mohd Faiz Subri
6%
2015 Wendell Lira
6%
2010 Hamid Altintop
0%
Nie znaleziono quizów pasujących do podanych kryteriów
Rozkład punktacji
Procent ludzi z każdym wynikiem
Percentyl według liczby udzielonych odpowiedzi
Twoja historia wyników
Nie rozwiązałeś tego quizu